000 01941cam a2200253 a 4500
020 _a9781439193549
020 _a1439193541
040 _cDLC
082 0 0 _a577 FOO 1992 C160 Or.
100 1 _aRutkow, Eric
245 1 0 _aAmerican canopy :
_btrees, forests, and the making of a nation /
250 _aFirst Scribner hardcover edition.
300 _avii, 406 pages, 16 unnumbered pages of plates :
_billustrations ;
_c25 cm.
520 _aIn the bestselling tradition of Michael Pollan's "Second Nature," this fascinating and unique historical work tells the remarkable story of the relationship between Americans and trees across the entire span of our nation's history.
520 _aThe history of trees in America is no less remarkable than the history of the United States itself--from the majestic white pines of New England, coveted by the British Crown for use as masts in navy warships, to the orange groves of California, which lured settlers west. In fact, without the country's vast forests and the hundreds of tree species they contained, there would have been no ships, docks, railroads, stockyards, wagons, barrels, furniture, newspapers, rifles, or firewood. No New York City, Miami, or Chicago. No Johnny Appleseed, Paul Bunyan, or Daniel Boone. America--if indeed it existed--would be a very different place without its millions of acres of trees. As Eric Rutkow's epic account shows, trees indivisible from the country's rise as both an empire and a civilization. Never before has anyone treated our country's trees and forests as the subject of a broad historical study, and the result is an accessible, informative, and thoroughly entertaining read.--From publisher description.
650 0 _aForests and forestry
650 0 _aForests and forestry
650 0 _aTrees
650 0 _aTrees
650 0 _aTimber
650 0 _aHuman ecology
650 0 _aNational characteristics, American
942 _cAEDBB
999 _c19078
_d19078